| 000 | 00800cam a2200217 i 4500 | ||
|---|---|---|---|
| 005 | 20260202111144.0 | ||
| 008 | 250721s2008 ua gr 000 0 ara d | ||
| 020 | _a9773162532 | ||
| 082 | 1 | 4 |
_a371.9 _bم ش ا |
| 100 | 1 |
_aمشالي، إيهاب عبد العظيم _eمؤلف. |
|
| 245 | 1 | 0 |
_aصعوبات تعلم الرياضيات : _bتشخيصها وعلاجها بالتعزيز / _cد.إيهاب عبد العظيم مشالي. |
| 250 | _aالطبعة الأولى. | ||
| 264 | 3 | 1 |
_aالقاهرة : _bدار النشر للجامعات، _c2008. |
| 300 | _a158 صفحة. | ||
| 650 | 1 | 7 | _aالتربية الخاصة. |
| 650 | 1 | 7 | _aالرياضيات. |
| 650 | 1 | 7 | _aالتعلم. |
| 650 | 1 | 7 | _aبطء التعلم. |
| 942 |
_2ddc _cBK |
||
| 999 |
_c121338 _d121338 |
||